[Event "Tradewise Gibraltar Masters 16th"]
[Site "Gibraltar"]
[Date "2018.01.29"]
[Round "7.94"]
[White "Gavilan Diaz, Mario"]
[Black "Smith, Andrew Philip"]
[Result "1-0"]
[WhiteElo "2251"]
[BlackElo "2111"]
[PlyCount "95"]
[EventDate "2018.01.23"]
[EventType "swiss"]
[EventRounds "10"]
[EventCountry "GGB"]
[SourceTitle "BritBase"]
[Source "www.saund.co.uk"]
[SourceDate "2018.02.10"]
[SourceVersion "1"]
[SourceVersionDate "2018.02.10"]
[SourceQuality "1"]

1. e4 c5 2. Nf3 Nc6 3. d4 cxd4 4. Nxd4 e5 5. Nb5 d6 6. N1c3 a6 7. Na3 b5 8. Nd5
Be7 9. c4 Nf6 10. cxb5 Nd4 11. Nxf6+ Bxf6 12. bxa6 O-O 13. Bc4 Bxa6 14. O-O Bb7
15. Re1 d5 16. exd5 Bxd5 17. Be3 Bb7 18. Bxd4 exd4 19. Qd3 Qd7 20. Nc2 Rfc8 21.
f3 Qc7 22. b3 Be5 23. h3 Rd8 24. a4 Ra5 25. Bb5 Bf6 26. Na3 Raa8 27. Nc4 Rd5
28. Nd2 Rg5 29. Ne4 Bxe4 30. Qxe4 Rf8 31. f4 Rg3 32. Bc4 g6 33. Rad1 Qa5 34.
Kh2 Rc3 35. Qb7 Qh5 36. Qd5 Qh4 37. Qe4 Qg3+ 38. Kh1 Rd8 39. Qb7 Rf8 40. Re8
Rxc4 41. Rxf8+ Kxf8 42. bxc4 Qxf4 43. Qf3 Qe5 44. a5 Qe6 45. Rf1 Kg7 46. Qxf6+
Qxf6 47. Rxf6 Kxf6 48. Kg1 1-0

[Event "Tradewise Gibraltar Masters 16th"]
[Site "Gibraltar"]
[Date "2018.01.29"]
[Round "7.95"]
[White "Oglaza, Oskar"]
[Black "Coleman, David J"]
[Result "1-0"]
[WhiteElo "2245"]
[BlackElo "2055"]
[PlyCount "71"]
[EventDate "2018.01.23"]
[EventType "swiss"]
[EventRounds "10"]
[EventCountry "GGB"]
[SourceTitle "BritBase"]
[Source "www.saund.co.uk"]
[SourceDate "2018.02.10"]
[SourceVersion "1"]
[SourceVersionDate "2018.02.10"]
[SourceQuality "1"]

1. e4 c5 2. Ne2 d6 3. g3 g6 4. Bg2 Bg7 5. c3 Nf6 6. O-O O-O 7. d4 Nbd7 8. a4
Rb8 9. Na3 b6 10. d5 a6 11. Nc4 Ne5 12. Ne3 b5 13. f4 Neg4 14. Nc2 h5 15. h3
Nh6 16. axb5 axb5 17. Be3 e6 18. dxe6 fxe6 19. e5 dxe5 20. Bxc5 e4 21. Bxf8
Qxf8 22. Ned4 Nf5 23. Qe1 Qc5 24. Bxe4 Nxe4 25. Qxe4 Nxg3 26. Qxg6 Nxf1 27.
Rxf1 Bd7 28. Kh2 Be8 29. Qxe6+ Bf7 30. Qc6 Qe7 31. Rg1 Be8 32. Qd5+ Bf7 33. Qg2
Qf6 34. Nf5 Bb3 35. Qxg7+ Qxg7 36. Rxg7+ 1-0

[Event "Tradewise Gibraltar Masters 16th"]
[Site "Gibraltar"]
[Date "2018.01.29"]
[Round "7.96"]
[White "Nandhidhaa, PV."]
[Black "Avila Fraire, Ameyalli"]
[Result "1-0"]
[WhiteElo "2238"]
[BlackElo "2014"]
[PlyCount "117"]
[EventDate "2018.01.23"]
[EventType "swiss"]
[EventRounds "10"]
[EventCountry "GGB"]
[SourceTitle "BritBase"]
[Source "www.saund.co.uk"]
[SourceDate "2018.02.10"]
[SourceVersion "1"]
[SourceVersionDate "2018.02.10"]
[SourceQuality "1"]

1. b3 g6 2. Bb2 Nf6 3. Bxf6 exf6 4. c4 Bg7 5. Nc3 f5 6. g3 d6 7. Bg2 Nc6 8. e3
O-O 9. Nge2 Ne5 10. d4 Ng4 11. O-O c6 12. Rb1 a5 13. Qd3 Re8 14. a3 Nf6 15.
Rfd1 Qe7 16. b4 f4 17. e4 fxg3 18. hxg3 d5 19. cxd5 cxd5 20. e5 Bf5 21. exf6
Bxd3 22. fxe7 Bxb1 23. Rxb1 Rxe7 24. b5 Rc8 25. Bf3 Rd8 26. b6 g5 27. Kf1 Rd6
28. Nxd5 Red7 29. Rb5 a4 30. Nc7 Bxd4 31. Nxd4 Rxd4 32. Bxb7 Rd8 33. Bd5 Rb8
34. b7 h6 35. Ra5 Rxd5 36. Nxd5 Rxb7 37. Rxa4 Rb5 38. Rd4 Rb1+ 39. Kg2 Ra1 40.
a4 Kg7 41. Nb6 h5 42. Rd5 Kf6 43. a5 h4 44. g4 Ra2 45. Rf5+ Ke6 46. Rxg5 h3+
47. Kxh3 Rxf2 48. Na4 Ra2 49. Nc5+ Kd6 50. Rf5 Kc6 51. Ne4 Ra4 52. Ng5 Kd6 53.
Nxf7+ Ke6 54. Ng5+ Ke7 55. Kh4 Kd7 56. Kh5 Ke7 57. Nf3 Ke6 58. Nh4 Ra1 59. g5
1-0

[Event "Tradewise Gibraltar Masters 16th"]
[Site "Gibraltar"]
[Date "2018.01.29"]
[Round "7.97"]
[White "Sajjadi, Kimiya"]
[Black "Serarols Mabras, Bernat"]
[Result "0-1"]
[WhiteElo "1911"]
[BlackElo "2235"]
[PlyCount "54"]
[EventDate "2018.01.23"]
[EventType "swiss"]
[EventRounds "10"]
[EventCountry "GGB"]
[SourceTitle "BritBase"]
[Source "www.saund.co.uk"]
[SourceDate "2018.02.10"]
[SourceVersion "1"]
[SourceVersionDate "2018.02.10"]
[SourceQuality "1"]

1. d4 d5 2. c4 e6 3. Nc3 Bb4 4. Nf3 Nf6 5. Bg5 dxc4 6. Qa4+ Nc6 7. e4 Bd7 8.
Qc2 h6 9. Bd2 Bxc3 10. bxc3 b5 11. a4 a6 12. Be2 Na5 13. axb5 axb5 14. Bf4 Nb3
15. Rd1 O-O 16. Nd2 Nxd2 17. Bxd2 Qe7 18. e5 Nd5 19. g4 b4 20. cxb4 Ba4 21.
Qxc4 Bxd1 22. Bxd1 Qh4 23. O-O Ra1 24. f3 Rfa8 25. Bc2 Qh3 26. Bc1 R8a2 27. Qd3
Rxc2 0-1

[Event "Tradewise Gibraltar Masters 16th"]
[Site "Gibraltar"]
[Date "2018.01.29"]
[Round "7.98"]
[White "Cherigui, Mourad"]
[Black "Kvisla, Johannes Luangtep"]
[Result "1/2-1/2"]
[WhiteElo "1892"]
[BlackElo "2234"]
[PlyCount "107"]
[EventDate "2018.01.23"]
[EventType "swiss"]
[EventRounds "10"]
[EventCountry "GGB"]
[SourceTitle "BritBase"]
[Source "www.saund.co.uk"]
[SourceDate "2018.02.10"]
[SourceVersion "1"]
[SourceVersionDate "2018.02.10"]
[SourceQuality "1"]

1. e4 c6 2. Nc3 d5 3. Nf3 a6 4. d3 dxe4 5. Nxe4 Nf6 6. Be2 Nxe4 7. dxe4 Qxd1+
8. Bxd1 Bg4 9. Be3 e6 10. Ne5 Bxd1 11. Rxd1 Be7 12. Nc4 Nd7 13. Rxd7 Kxd7 14.
Nb6+ Kc7 15. Nxa8+ Rxa8 16. Ke2 c5 17. f4 f5 18. Kf3 fxe4+ 19. Kxe4 Rd8 20. g4
Bf6 21. b3 Kc6 22. h4 h5 23. g5 Bc3 24. Rf1 g6 25. a3 Rd5 26. Rb1 b5 27. Kf3
Rd7 28. Ke2 Rd8 29. Kf3 Rd5 30. Ke2 e5 31. Kf3 exf4 32. Bxf4 Rf5 33. Ke4 Rf8
34. Rd1 Re8+ 35. Kf3 Re6 36. Rd8 Bb2 37. Rc8+ Kd7 38. Rc7+ Kd8 39. Rxc5 Bxa3
40. Rc7 Bb4 41. Rb7 Be7 42. c4 bxc4 43. bxc4 Ke8 44. Be3 a5 45. Bb6 a4 46. c5
a3 47. Ra7 Rc6 48. Rxa3 Bxc5 49. Bxc5 Rxc5 50. Ra6 Kf7 51. Ke4 Rf5 52. Ra7+ Kg8
53. Ra8+ Kg7 54. Ra7+ 1/2-1/2

[Event "Tradewise Gibraltar Masters 16th"]
[Site "Gibraltar"]
[Date "2018.01.29"]
[Round "7.99"]
[White "Richards, Heather S"]
[Black "Suez-Panama, Gilles"]
[Result "1-0"]
[WhiteElo "2223"]
[BlackElo "1959"]
[PlyCount "37"]
[EventDate "2018.01.23"]
[EventType "swiss"]
[EventRounds "10"]
[EventCountry "GGB"]
[SourceTitle "BritBase"]
[Source "www.saund.co.uk"]
[SourceDate "2018.02.10"]
[SourceVersion "1"]
[SourceVersionDate "2018.02.10"]
[SourceQuality "1"]

1. e4 e6 2. d3 d5 3. Qe2 Nf6 4. Nf3 Be7 5. g3 c5 6. Bg2 Nc6 7. O-O O-O 8. e5
Nd7 9. c4 Nb6 10. h4 dxc4 11. dxc4 Nd4 12. Nxd4 Qxd4 13. Na3 Rd8 14. Bf4 Na4
15. Rad1 Qxb2 16. Rxd8+ Bxd8 17. Qd1 Bd7 18. Qxd7 Qxa3 19. Qe8# 1-0

[Event "Tradewise Gibraltar Masters 16th"]
[Site "Gibraltar"]
[Date "2018.01.29"]
[Round "7.100"]
[White "Spence, David J"]
[Black "Povah, Nigel E"]
[Result "1-0"]
[WhiteElo "2127"]
[BlackElo "2310"]
[PlyCount "63"]
[EventDate "2018.01.23"]
[EventType "swiss"]
[EventRounds "10"]
[EventCountry "GGB"]
[SourceTitle "BritBase"]
[Source "www.saund.co.uk"]
[SourceDate "2018.02.10"]
[SourceVersion "1"]
[SourceVersionDate "2018.02.10"]
[SourceQuality "1"]

1. e4 c5 2. c3 d5 3. exd5 Qxd5 4. d4 Nc6 5. Nf3 Bf5 6. Be3 Nf6 7. Na3 cxd4 8.
Bc4 Qd7 9. Nxd4 Be4 10. Nxc6 bxc6 11. Qxd7+ Nxd7 12. f3 Bg6 13. Ba6 Rb8 14.
O-O-O e6 15. b4 Be7 16. Nc4 c5 17. Bf4 e5 18. Rxd7 Kxd7 19. Nxe5+ Ke8 20. Nxg6
Rb6 21. Nxh8 Rxa6 22. bxc5 Bxc5 23. Kb1 f6 24. Rd1 Be7 25. Rd5 Rb6+ 26. Kc2 g5
27. Be3 Ra6 28. Kb3 Kf8 29. Rd7 Re6 30. Bxa7 Kg8 31. Nf7 Kxf7 32. Bc5 1-0

[Event "Tradewise Gibraltar Masters 16th"]
[Site "Gibraltar"]
[Date "2018.01.29"]
[Round "7.101"]
[White "Veltkamp, Gerben"]
[Black "Bergstrom, Rolf"]
[Result "0-1"]
[WhiteElo "2123"]
[BlackElo "2276"]
[PlyCount "88"]
[EventDate "2018.01.23"]
[EventType "swiss"]
[EventRounds "10"]
[EventCountry "GGB"]
[SourceTitle "BritBase"]
[Source "www.saund.co.uk"]
[SourceDate "2018.02.10"]
[SourceVersion "1"]
[SourceVersionDate "2018.02.10"]
[SourceQuality "1"]

1. d4 Nf6 2. Nf3 e6 3. Nbd2 c5 4. e3 cxd4 5. exd4 b6 6. c3 Be7 7. Bd3 Ba6 8.
Ne5 Bxd3 9. Qf3 Na6 10. Qxd3 Qc8 11. a4 Qb7 12. O-O O-O 13. Ndf3 d6 14. Nc6
Qxc6 15. Qxa6 Nd5 16. Re1 Rfc8 17. Qe2 h6 18. Nd2 a6 19. c4 Nf4 20. Qf1 d5 21.
b3 Bb4 22. Rd1 Ng6 23. Bb2 Bxd2 24. Rxd2 dxc4 25. Rc2 b5 26. Rac1 Qb7 27. axb5
axb5 28. bxc4 bxc4 29. Ba1 Nf4 30. g3 Nd3 31. Rxc4 Nxc1 32. Rxc1 Rxc1 33. Qxc1
Rb8 34. Bc3 Qe4 35. Bb2 Qe2 36. Bc3 Qd3 37. Bb2 Qb3 38. Ba3 Qa2 39. Kg2 Kh7 40.
Qf4 Qd5+ 41. Kh3 Rb3 42. Bf8 Rf3 43. Qg4 g5 44. Qh5 Qf5+ 0-1

[Event "Tradewise Gibraltar Masters 16th"]
[Site "Gibraltar"]
[Date "2018.01.29"]
[Round "7.102"]
[White "Bjerre, Tavs"]
[Black "Estrada Nieto, Julian"]
[Result "0-1"]
[WhiteElo "2071"]
[BlackElo "2222"]
[PlyCount "80"]
[EventDate "2018.01.23"]
[EventType "swiss"]
[EventRounds "10"]
[EventCountry "GGB"]
[SourceTitle "BritBase"]
[Source "www.saund.co.uk"]
[SourceDate "2018.02.10"]
[SourceVersion "1"]
[SourceVersionDate "2018.02.10"]
[SourceQuality "1"]

1. d4 d5 2. c4 dxc4 3. Nf3 Nf6 4. e3 e6 5. Bxc4 a6 6. O-O b5 7. Be2 Bb7 8. b3
Nbd7 9. Bb2 c5 10. Nbd2 Be7 11. a4 b4 12. Nc4 O-O 13. Nfe5 cxd4 14. Bxd4 Nxe5
15. Bxe5 Nd5 16. Qc2 Bf6 17. Rfd1 Bxe5 18. Nxe5 Qg5 19. Nf3 Qf6 20. Rd4 Nc3 21.
Re1 a5 22. Nd2 Rad8 23. Bf3 Rxd4 24. exd4 Ba6 25. Ne4 Qxd4 26. Nxc3 Qxc3 27.
Qxc3 bxc3 28. Rc1 Rc8 29. Bd1 Kf8 30. f4 Ke7 31. Kf2 f5 32. Ke3 Rd8 33. Bf3
Rd3+ 34. Kf2 Kd6 35. Rc2 Kc5 36. Be2 Rd2 37. Rxd2 cxd2 38. Bd1 Kd4 39. g3 Bd3
40. h3 Kc3 0-1

[Event "Tradewise Gibraltar Masters 16th"]
[Site "Gibraltar"]
[Date "2018.01.29"]
[Round "7.103"]
[White "Sanjuan Garcia, Miguel"]
[Black "Barthel, Ansgar"]
[Result "0-1"]
[WhiteElo "2019"]
[BlackElo "2187"]
[PlyCount "34"]
[EventDate "2018.01.23"]
[EventType "swiss"]
[EventRounds "10"]
[EventCountry "GGB"]
[SourceTitle "BritBase"]
[Source "www.saund.co.uk"]
[SourceDate "2018.02.10"]
[SourceVersion "1"]
[SourceVersionDate "2018.02.10"]
[SourceQuality "1"]

1. e4 Nf6 2. e5 Nd5 3. d4 d6 4. c4 Nb6 5. f4 dxe5 6. fxe5 Nc6 7. Be3 Bf5 8. Nc3
e6 9. Nf3 Bb4 10. c5 Nd5 11. Bd2 Nxd4 12. Nxd4 Qh4+ 13. g3 Qxd4 14. Nxd5 Qxe5+
15. Be2 Qxd5 16. Bf3 Bxd2+ 17. Qxd2 Qxf3 0-1

[Event "Tradewise Gibraltar Masters 16th"]
[Site "Gibraltar"]
[Date "2018.01.29"]
[Round "7.104"]
[White "Roman Lopez, Jesus"]
[Black "Pinho, Paulo"]
[Result "1-0"]
[WhiteElo "2008"]
[BlackElo "2186"]
[PlyCount "27"]
[EventDate "2018.01.23"]
[EventType "swiss"]
[EventRounds "10"]
[EventCountry "GGB"]
[SourceTitle "BritBase"]
[Source "www.saund.co.uk"]
[SourceDate "2018.02.10"]
[SourceVersion "1"]
[SourceVersionDate "2018.02.10"]
[SourceQuality "1"]

1. e4 c5 2. c3 d5 3. exd5 Qxd5 4. d4 Nf6 5. Nf3 g6 6. Na3 Bg7 7. Bc4 Qe4+ 8.
Be3 O-O 9. O-O Ng4 10. Bg5 cxd4 11. Re1 Qf5 12. Bxe7 Re8 13. Nb5 Be6 14. Nd6
1-0

[Event "Tradewise Gibraltar Masters 16th"]
[Site "Gibraltar"]
[Date "2018.01.29"]
[Round "7.105"]
[White "Barraza Caracuel, Ignacio"]
[Black "Pabalan, Rocky"]
[Result "0-1"]
[WhiteElo "2185"]
[BlackElo "2098"]
[PlyCount "86"]
[EventDate "2018.01.23"]
[EventType "swiss"]
[EventRounds "10"]
[EventCountry "GGB"]
[SourceTitle "BritBase"]
[Source "www.saund.co.uk"]
[SourceDate "2018.02.10"]
[SourceVersion "1"]
[SourceVersionDate "2018.02.10"]
[SourceQuality "1"]

1. d4 Nf6 2. Nf3 e6 3. c4 Bb4+ 4. Nbd2 O-O 5. a3 Bxd2+ 6. Bxd2 b6 7. g3 Bb7 8.
Bg2 d6 9. O-O Nbd7 10. b4 Re8 11. Bc3 a6 12. Qb3 b5 13. Nd2 Bxg2 14. Kxg2 e5
15. dxe5 dxe5 16. e4 c5 17. f3 Rb8 18. Rfd1 Nh5 19. Nf1 Qc7 20. cxb5 c4 21. Qc2
axb5 22. a4 bxa4 23. Rxa4 Ra8 24. Rxa8 Rxa8 25. Ne3 Nhf6 26. Nf5 g6 27. Ne7+
Kf8 28. Nd5 Nxd5 29. Rxd5 Ra3 30. Qd2 Ke8 31. g4 Qa7 32. Ra5 Rxa5 33. bxa5 Nc5
34. Bxe5 Nd3 35. Bc3 g5 36. h4 gxh4 37. Kh3 Qg1 38. Kxh4 h6 39. Qxh6 Qh1+ 40.
Kg5 Qc1+ 41. Kh5 Nf4+ 42. Kh4 Qh1+ 43. Kg5 Ne6+ 0-1

[Event "Tradewise Gibraltar Masters 16th"]
[Site "Gibraltar"]
[Date "2018.01.29"]
[Round "7.106"]
[White "Obiamiwe, Paul"]
[Black "Guthrie, David"]
[Result "0-1"]
[WhiteElo "1891"]
[BlackElo "2181"]
[PlyCount "212"]
[EventDate "2018.01.23"]
[EventType "swiss"]
[EventRounds "10"]
[EventCountry "GGB"]
[SourceTitle "BritBase"]
[Source "www.saund.co.uk"]
[SourceDate "2018.02.10"]
[SourceVersion "1"]
[SourceVersionDate "2018.02.10"]
[SourceQuality "1"]

1. Nf3 d5 2. d4 Nf6 3. c4 e6 4. g3 Bb4+ 5. Bd2 Be7 6. Bg2 O-O 7. O-O Ne4 8. Bf4
c6 9. Qc2 Nd7 10. Nfd2 g5 11. Be3 f5 12. f3 Nd6 13. Bf2 f4 14. e4 fxe3 15. Bxe3
Nf5 16. Bf2 Bf6 17. Nb3 Nb6 18. cxd5 exd5 19. N1d2 Qe7 20. Rfe1 Qg7 21. Qd3 Na4
22. Rab1 Ne7 23. Qe2 Bf5 24. Ne4 dxe4 25. fxe4 Be6 26. e5 Bd5 27. exf6 Qxf6 28.
Bxd5+ Nxd5 29. Qe6+ Qxe6 30. Rxe6 Rae8 31. Re5 h6 32. Na5 Rb8 33. Nc4 Rbd8 34.
Re6 Rf6 35. Re5 Nab6 36. Nd2 Nd7 37. Re2 Rf7 38. Rbe1 N7f6 39. Nc4 Kg7 40. Ne5
Re7 41. Kg2 Rde8 42. Bg1 a6 43. Bf2 Kh7 44. Kf1 Nb4 45. a3 Nbd5 46. Bg1 Kg7 47.
Bf2 Re6 48. Bg1 Nb6 49. Bf2 Nc8 50. Bg1 Nd6 51. Bf2 R6e7 52. Bg1 Nd5 53. Bf2
Nf7 54. Kg1 Nxe5 55. dxe5 Re6 56. Bd4 Rf8 57. Kg2 Kg6 58. Rf2 Rxf2+ 59. Kxf2
Kf5 60. h3 Re7 61. Kf3 Nc7 62. g4+ Ke6 63. Ke4 Rf7 64. Be3 Nd5 65. Bc1 Rf2 66.
h4 gxh4 67. Bxh6 Rxb2 68. Bc1 Rg2 69. g5 Rg4+ 70. Kf3 Rg3+ 71. Kf2 Ne7 72. a4
Rg4 73. a5 Ng6 74. Kf3 Ra4 75. Bd2 Nxe5+ 76. Kg2 Ra2 77. Re2 Kf5 78. Rf2+ Kg4
79. Rf4+ Kxg5 80. Rf2+ Kg6 81. Kh3 Nc4 82. Rg2+ Kf7 83. Be1 Rxg2 84. Kxg2 Ne3+
85. Kh3 Ke6 86. Bxh4 Kd5 87. Be1 Kc4 88. Kg3 Nc2 89. Bd2 Nd4 90. Kf4 Nb3 91.
Be1 Kb5 92. Ke4 Nxa5 93. Kd3 Nc4 94. Kc3 a5 95. Kb3 a4+ 96. Ka2 Ne3 97. Bc3 Kc4
98. Bg7 b5 99. Kb2 b4 100. Kc1 Kb3 101. Bh6 Nc2 102. Bg7 a3 103. Kb1 a2+ 104.
Kc1 a1=Q+ 105. Bxa1 Nxa1 106. Kb1 Nc2 0-1

[Event "Tradewise Gibraltar Masters 16th"]
[Site "Gibraltar"]
[Date "2018.01.29"]
[Round "7.107"]
[White "Lochte, Thomas"]
[Black "Janiszewski, Maciej"]
[Result "0-1"]
[WhiteElo "2169"]
[BlackElo "2029"]
[PlyCount "58"]
[EventDate "2018.01.23"]
[EventType "swiss"]
[EventRounds "10"]
[EventCountry "GGB"]
[SourceTitle "BritBase"]
[Source "www.saund.co.uk"]
[SourceDate "2018.02.10"]
[SourceVersion "1"]
[SourceVersionDate "2018.02.10"]
[SourceQuality "1"]

1. e4 d5 2. exd5 Nf6 3. d4 Bg4 4. f3 Bf5 5. Bb5+ Nbd7 6. c4 a6 7. Ba4 b5 8.
cxb5 Nxd5 9. Nc3 Nb4 10. Ne4 e5 11. Ne2 exd4 12. Bg5 Be7 13. Bxe7 Qxe7 14. Qxd4
axb5 15. Qxg7 O-O-O 16. Bxb5 Nc2+ 17. Kd2 Nxa1 18. Rxa1 Bxe4 19. fxe4 Qb4+ 20.
Nc3 Qxb2+ 21. Ke3 Qxa1 22. Bxd7+ Kb8 23. Qe5 Qg1+ 24. Kf3 Rhg8 25. Qb5+ Qb6 26.
Qf5 Rxd7 27. Qxd7 Qf6+ 28. Ke3 Rxg2 29. Kd3 Qf1+ 0-1

[Event "Tradewise Gibraltar Masters 16th"]
[Site "Gibraltar"]
[Date "2018.01.29"]
[Round "7.108"]
[White "Baert, Andy"]
[Black "Bryant, Richard B E"]
[Result "1/2-1/2"]
[WhiteElo "2164"]
[BlackElo "2016"]
[PlyCount "130"]
[EventDate "2018.01.23"]
[EventType "swiss"]
[EventRounds "10"]
[EventCountry "GGB"]
[SourceTitle "BritBase"]
[Source "www.saund.co.uk"]
[SourceDate "2018.02.10"]
[SourceVersion "1"]
[SourceVersionDate "2018.02.10"]
[SourceQuality "1"]

1. d4 d5 2. c4 c6 3. Nf3 e6 4. e3 Nf6 5. Qc2 Nbd7 6. Bd3 Bd6 7. O-O e5 8. cxd5
cxd5 9. dxe5 Nxe5 10. Bb5+ Bd7 11. Bxd7+ Qxd7 12. Nxe5 Bxe5 13. Nd2 Rc8 14. Qd3
Bb8 15. Nf3 O-O 16. b3 Rfd8 17. Bb2 Ne4 18. Rac1 Rxc1 19. Rxc1 Qe6 20. Qd4 f6
21. h3 Qf5 22. Qb4 Qd7 23. Nd4 a6 24. Qa5 Re8 25. Qb6 h6 26. Ba3 Kh7 27. Nf3
Rc8 28. Nd4 Rxc1+ 29. Bxc1 Qc8 30. Bb2 Nd6 31. Qa5 Nb5 32. Nxb5 Qc2 33. Bc3
Qb1+ 34. Be1 axb5 35. g3 Be5 36. Qd2 Qe4 37. Kf1 d4 38. exd4 Bxd4 39. Kg1 f5
40. Kh2 Be5 41. Qe3 Qd4 42. Kg2 Qxe3 43. fxe3 Kg6 44. Kf3 Kf6 45. e4 h5 46. Bf2
g6 47. Ke3 fxe4 48. Kxe4 Ke6 49. g4 hxg4 50. hxg4 Bb2 51. Be3 Bg7 52. Bd4 Bf8
53. Bc3 Bc5 54. Be5 Bg1 55. Bc7 Bc5 56. Bd8 Bg1 57. Bg5 Ba7 58. Bh6 Bb6 59. Bg7
Ba7 60. a3 Bc5 61. Bb2 Bb6 62. Bd4 Bc7 63. Bc5 Be5 64. a4 bxa4 65. bxa4 Bb2
1/2-1/2

[Event "Tradewise Gibraltar Masters 16th"]
[Site "Gibraltar"]
[Date "2018.01.29"]
[Round "7.109"]
[White "Verneuil, Pascal"]
[Black "Safarian, Alek"]
[Result "1-0"]
[WhiteElo "2159"]
[BlackElo "2006"]
[PlyCount "35"]
[EventDate "2018.01.23"]
[EventType "swiss"]
[EventRounds "10"]
[EventCountry "GGB"]
[SourceTitle "BritBase"]
[Source "www.saund.co.uk"]
[SourceDate "2018.02.10"]
[SourceVersion "1"]
[SourceVersionDate "2018.02.10"]
[SourceQuality "1"]

1. e4 c5 2. Nc3 g6 3. d4 cxd4 4. Qxd4 Nf6 5. Bb5 a6 6. e5 axb5 7. exf6 e6 8.
Nf3 Nc6 9. Qf4 b4 10. Nb5 d6 11. O-O e5 12. Qh4 Bf5 13. Bh6 Rg8 14. Bxf8 Rxf8
15. Rad1 Bxc2 16. Nxd6+ Kd7 17. Nxb7+ Bxd1 18. Rxd1+ 1-0

[Event "Tradewise Gibraltar Masters 16th"]
[Site "Gibraltar"]
[Date "2018.01.29"]
[Round "7.110"]
[White "Maloberti, David"]
[Black "Gagare, Shalmali"]
[Result "1-0"]
[WhiteElo "2148"]
[BlackElo "2001"]
[PlyCount "89"]
[EventDate "2018.01.23"]
[EventType "swiss"]
[EventRounds "10"]
[EventCountry "GGB"]
[SourceTitle "BritBase"]
[Source "www.saund.co.uk"]
[SourceDate "2018.02.10"]
[SourceVersion "1"]
[SourceVersionDate "2018.02.10"]
[SourceQuality "1"]

1. d4 Nf6 2. c4 e6 3. Nc3 Bb4 4. e3 O-O 5. Bd3 c5 6. Nf3 d5 7. a3 Ba5 8. O-O
dxc4 9. Bxc4 Nc6 10. dxc5 Bxc3 11. bxc3 Qa5 12. Qe2 Qxc5 13. a4 Rd8 14. Ba3 Qh5
15. Rfd1 Rxd1+ 16. Rxd1 Bd7 17. Qc2 Qa5 18. Qb3 Qc7 19. Bd6 Qc8 20. Bd3 h6 21.
h3 Na5 22. Qb4 b6 23. e4 Bc6 24. Ne5 Be8 25. Bb5 Nc6 26. Nxc6 Bxc6 27. Be7 Nd7
28. Rd6 Bxb5 29. Qxb5 Nf8 30. Rd8 Qb7 31. Qe8 Rxd8 32. Qxd8 Qxe4 33. Qxf8+ Kh7
34. Qxf7 Qe1+ 35. Kh2 Qe5+ 36. f4 Qxc3 37. Qxe6 Qd4 38. Bd6 Qxa4 39. Qe7 Qc2
40. Be5 Qg6 41. f5 Qg5 42. f6 a5 43. Qc7 h5 44. fxg7 a4 45. Qb8 1-0

[Event "Tradewise Gibraltar Masters 16th"]
[Site "Gibraltar"]
[Date "2018.01.29"]
[Round "7.111"]
[White "Burke, Mitchell R"]
[Black "Walton, Alan J"]
[Result "1/2-1/2"]
[WhiteElo "1989"]
[BlackElo "2194"]
[PlyCount "60"]
[EventDate "2018.01.23"]
[EventType "swiss"]
[EventRounds "10"]
[EventCountry "GGB"]
[SourceTitle "BritBase"]
[Source "www.saund.co.uk"]
[SourceDate "2018.02.10"]
[SourceVersion "1"]
[SourceVersionDate "2018.02.10"]
[SourceQuality "1"]

1. f4 d5 2. Nf3 Bg4 3. e3 g6 4. h3 Bd7 5. c4 Bc6 6. cxd5 Bxd5 7. Nc3 Bg7 8.
Nxd5 Qxd5 9. Qa4+ Qd7 10. Qb3 c6 11. Bc4 e6 12. Ne5 Qe7 13. d4 Nf6 14. O-O Nd5
15. Bd2 a5 16. Bxd5 exd5 17. f5 O-O 18. Rf3 f6 19. Nd3 a4 20. Qc2 Re8 21. Nc5
g5 22. Re1 Na6 23. Nxa6 Rxa6 24. e4 dxe4 25. Rfe3 Qd7 26. Rxe4 Raa8 27. Qc4+
Kh8 28. Rxe8+ Rxe8 29. Rxe8+ Qxe8 30. Qc2 Qe2 1/2-1/2

[Event "Tradewise Gibraltar Masters 16th"]
[Site "Gibraltar"]
[Date "2018.01.29"]
[Round "7.112"]
[White "De Graaf, Dick"]
[Black "Vilarnovo Caamano, Jose"]
[Result "1/2-1/2"]
[WhiteElo "2152"]
[BlackElo "1981"]
[PlyCount "130"]
[EventDate "2018.01.23"]
[EventType "swiss"]
[EventRounds "10"]
[EventCountry "GGB"]
[SourceTitle "BritBase"]
[Source "www.saund.co.uk"]
[SourceDate "2018.02.10"]
[SourceVersion "1"]
[SourceVersionDate "2018.02.10"]
[SourceQuality "1"]

1. e4 c5 2. Nf3 Nc6 3. d4 cxd4 4. Nxd4 Nf6 5. Nc3 e5 6. Ndb5 d6 7. Nd5 Nxd5 8.
exd5 Ne7 9. c4 Ng6 10. Bd3 a6 11. Nc3 f5 12. O-O Be7 13. Bc2 O-O 14. b4 a5 15.
bxa5 Rxa5 16. a4 Bg5 17. Kh1 Bxc1 18. Rxc1 Qh4 19. Bb3 f4 20. f3 Ne7 21. Qe1
Qh5 22. Ne4 Ra6 23. c5 Nf5 24. g4 fxg3 25. Nxg3 Nxg3+ 26. Qxg3 Bh3 27. Rf2 Rf6
28. Rc4 Qh6 29. Rh4 Qc1+ 30. Qg1 Qe3 31. Rxh3 Qxb3 32. Rg3 g6 33. Rd2 Rxa4 34.
Qf2 Raf4 35. cxd6 Rxd6 36. Qc5 Qb6 37. Qxb6 Rxb6 38. d6 Rd4 39. Re2 Rb5 40. Rg5
Rxd6 41. Rgxe5 Rxe5 42. Rxe5 Rb6 43. Kg2 Rb2+ 44. Kg3 Kf7 45. Rc5 Ke6 46. Rc7
h6 47. h4 h5 48. Kf4 Kf6 49. Rc5 Rb4+ 50. Kg3 b6 51. Rd5 b5 52. Rc5 Rb1 53. Kf4
b4 54. Rc6+ Kg7 55. Rb6 b3 56. Rb7+ Kf6 57. Rb6+ Kf7 58. Rb7+ Ke8 59. Kg5 b2
60. Kf6 Kd8 61. f4 Kc8 62. Rb3 Kd7 63. Rd3+ Kc6 64. Rd2 Kc5 65. Rg2 Rf1 1/2-1/2

[Event "Tradewise Gibraltar Masters 16th"]
[Site "Gibraltar"]
[Date "2018.01.29"]
[Round "7.113"]
[White "Ranaivoharisoa, Alain"]
[Black "Biegel, Thomas"]
[Result "1-0"]
[WhiteElo "2142"]
[BlackElo "1984"]
[PlyCount "61"]
[EventDate "2018.01.23"]
[EventType "swiss"]
[EventRounds "10"]
[EventCountry "GGB"]
[SourceTitle "BritBase"]
[Source "www.saund.co.uk"]
[SourceDate "2018.02.10"]
[SourceVersion "1"]
[SourceVersionDate "2018.02.10"]
[SourceQuality "1"]

1. e4 e6 2. d4 d5 3. Nd2 Nc6 4. Ngf3 Nf6 5. e5 Nd7 6. Bd3 f6 7. exf6 Qxf6 8.
O-O Bd6 9. c4 O-O 10. cxd5 exd5 11. Qb3 Nb6 12. Ne4 Qd8 13. Bg5 Be7 14. Bxe7
Qxe7 15. Ned2 Qf6 16. Rac1 Bf5 17. Bxf5 Qxf5 18. Qc3 Rae8 19. b3 Rf7 20. Rfe1
Rfe7 21. Rxe7 Rxe7 22. Nf1 Qf4 23. Ne3 g6 24. Qc5 Rd7 25. a4 Qf8 26. a5 Nc8 27.
a6 Nb6 28. Qxf8+ Kxf8 29. axb7 Nb8 30. Ne5 Rg7 31. Nc6 1-0